000 00382 a2200109 4500
001 ART_5523
005 20260410161827.0
008 260409a
245 1 0 _aLa teoría del bien primario exportable y el crecimiento económico argentino hasta 1930
100 1 _aCincunegui, Jorge E.
773 0 _tEstudios Económicos
_g- Vol. 1, Nº 1/2 (ene./dic. 1982)
_wREV5080
999 _c22901
_d22901